Comparison of richness hotspots, rarity hotspots, and complementary areas for conserving diversity of british birds (Registro nro. 11928)

Detalles MARC
000 -CABECERA
Campo de control 007600000a22002290004500
090 ## - CLASIFICACIÓN LOCAL
Colección AR
Consecutivo 02868
041 0# - IDIOMA
Código de idioma para texto/pista de sonido o título separado
100 1# - ASIENTO PRINCIPAL--NOMBRE PERSONAL
Nombre personal Williams, Paul
245 10 - MENCION DE TITULO
Título Comparison of richness hotspots, rarity hotspots, and complementary areas for conserving diversity of british birds
650 14 - ASIENTO SECUNDARIO DE MATERIA - TERMINO TEMATICO
Término temático o nombre geográfico como elemento de entrada Aves
650 14 - ASIENTO SECUNDARIO DE MATERIA - TERMINO TEMATICO
Término temático o nombre geográfico como elemento de entrada Riqueza de especies
650 14 - ASIENTO SECUNDARIO DE MATERIA - TERMINO TEMATICO
Término temático o nombre geográfico como elemento de entrada Areas protegidas
650 14 - ASIENTO SECUNDARIO DE MATERIA - TERMINO TEMATICO
Término temático o nombre geográfico como elemento de entrada Biología de la conservación
651 #4 - ASIENTO SECUNDARIO DE MATERIA - NOMBRE GEOGRAFICO
-- Inglaterra
700 1# - ASIENTO SECUNDARIO - NOMBRE PERSONAL
Nombre personal Gibbons, David
700 1# - ASIENTO SECUNDARIO - NOMBRE PERSONAL
Nombre personal Margules, Chris R.
700 1# - ASIENTO SECUNDARIO - NOMBRE PERSONAL
Nombre personal Rebelo, Anthony G.
700 1# - ASIENTO SECUNDARIO - NOMBRE PERSONAL
Nombre personal Humphries, Chris
700 1# - ASIENTO SECUNDARIO - NOMBRE PERSONAL
Nombre personal Pressey, Robert L.
773 1# - Item fuente:
Título Conservation Biology
Especificación de materiales 24
Descripción física 1
Paginas del Articulo 155-174
Lugar, editorial y fecha de publicación 1996
Información sobre la relación 10
942 ## - ELEMENTOS ADICIONALES (KOHA)
Tipo de ítem Artículo
Existencias
Withdrawn status Lost status Damaged status No para préstamo Colección Ubicación Permanente Ubicación actual Fecha de adquisición Datos de publicación Seriada Total Checkouts Número topográfico Inventario / Código de Barras Date last seen Ejemplar Price effective from Forma de adquisición Tipo de material
      No para Préstamo Hemeroteca Bogotá Bogotá 27/02/2015 Fuera de circulación   AR 02868 013277 25/03/2015 1 25/03/2015   Artículo